Statistics for Πρωτεύουσες του Κόσμου - Π

Click here to take the quiz!

General Stats

  • This quiz has been taken 225 times
  • The average score is 13 of 22

Answer Stats

Π% Correct
Παρίσι
86%
Πράγα
83%
Ποντγκόριτσα
78%
Πόλη του Παναμά
77%
Πεκίνο
76%
Πρίστινα
73%
Πρετόρια
69%
Πόλη του Μεξικού
68%
Παραμαρίμπο
59%
Πιονγιάνγκ
59%
Πράγια
58%
Πόρτο Νόβο
57%
Πορτ-ο-Πρενς
56%
Πνομ Πεν
55%
Πόλη του Κουβέιτ
53%
Πορτ Λουί
53%
Πορτ Μόρεσμπι
50%
Πόλη του Βατικανού
49%
Πορτ οφ Σπέιν
49%
Πόλη της Γουατεμάλας
48%
Πορτ Βίλα
46%
Παλικίρ
45%

Score Distribution

Percentile by Number Answered

Percent of People with Each Score

Your Score History

You have not taken this quiz